书目信息 |
| 题名: |
湖北名优鱼健康养殖技术体系研究
|
|
| 作者: | 梁旭方 主编 | |
| 分册: | ||
| 出版信息: | 北京 科学出版社 2016.05 |
|
| 页数: | 672页 | |
| 开本: | 26cm | |
| 丛书名: | ||
| 单 册: | ||
| 中图分类: | S965.1 | |
| 科图分类: | ||
| 主题词: | 淡水鱼类--鱼类养殖--技术体系--研究--湖北 | |
| 电子资源: | ||
| ISBN: | 978-7-03-047404-9 | |
| 000 | 00977nam0 2200217 450 | |
| 001 | 3881 | |
| 005 | 20181008170411.24 | |
| 010 | @a978-7-03-047404-9@dCNY268.00 | |
| 100 | @a20160826d2016 em y0chiy50 ea | |
| 101 | 0 | @achi |
| 102 | @aCN@b110000 | |
| 105 | @aa z 000yy | |
| 200 | 1 | @a湖北名优鱼健康养殖技术体系研究@9hu bei ming you yu jian kang yang zhi ji shu ti xi yan jiu@f梁旭方主编 |
| 210 | @a北京@c科学出版社@d2016.05 | |
| 215 | @a672页@c图@d26cm | |
| 330 | @a本书围绕团头鲂、鳜鱼、黄颡鱼等淡水名优经济养殖鱼类的品种、营养与饲料、病害、养殖环境控制等四个核心要素展开。分别从种质资源挖掘、生长、抗病、饲料利用及性别调控等性状的遗传改良,病毒性、细菌性和寄生虫性疾病,脂肪代谢,精准投喂,饲料加工处理及新饲料资源开发,环境因子生理生态效应,污染调控,水环境清洁和水产品安全等方面进行阐述。 | |
| 606 | 0 | @a淡水鱼类@x鱼类养殖@x技术体系@x研究@y湖北 |
| 690 | @aS965.1@v5 | |
| 701 | 0 | @a梁旭方@9liang xu fang@4主编 |
| 801 | 0 | @aCN@b91MARC@c20160826 |
| 905 | @aMuseLib@dS965.1@e49 | |
| 湖北名优鱼健康养殖技术体系研究/梁旭方主编.-北京:科学出版社,2016.05 |
| 672页:图;26cm |
| ISBN 978-7-03-047404-9:CNY268.00 |
| 本书围绕团头鲂、鳜鱼、黄颡鱼等淡水名优经济养殖鱼类的品种、营养与饲料、病害、养殖环境控制等四个核心要素展开。分别从种质资源挖掘、生长、抗病、饲料利用及性别调控等性状的遗传改良,病毒性、细菌性和寄生虫性疾病,脂肪代谢,精准投喂,饲料加工处理及新饲料资源开发,环境因子生理生态效应,污染调控,水环境清洁和水产品安全等方面进行阐述。 |
| ● |
| 相关链接 |
|
|
|
|
正题名:湖北名优鱼健康养殖技术体系研究
索取号:S965.1/49
 
预约/预借
| 序号 | 登录号 | 条形码 | 馆藏地/架位号 | 状态 | 备注 |
| 1 | 1124011 | 211240110 | 第二样本阅览室/ [索取号:S965.1/49] | 在馆 | |
| 2 | 1124012 | 211240129 | 第三借阅区/ [索取号:S965.1/49] | 在馆 |